Factores explicativos del gasto público : una aproximación empírica / Antoni Castells Oliveres una aproximación empírica / Antoni Castells Oliveres
ISBN:
84-7196-940-8
Descripción Física:
382 p. : taules ; 24 cm
Colección:
Estudios de hacienda pública
MARC
| LEADER | 00000nam a2200000Ia 4500 | ||
|---|---|---|---|
| 001 | 19474 | ||
| 008 | 160829s1991 xx 000 0 cat d | ||
| 020 | |a 84-7196-940-8 | ||
| 080 | |a M-5-450 | ||
| 100 | |a Castells, Antoni |9 503 | ||
| 245 | |a Factores explicativos del gasto público : |b una aproximación empírica / Antoni Castells Oliveres | ||
| 260 | |a Madrid : |b Ministerio de Economía y Hacienda. Instituto de Estudios Fiscales, |c 1991 | ||
| 300 | |a 382 p. : |b taules ; |c 24 cm | ||
| 490 | |a Estudios de hacienda pública | ||
| 590 | |a Bibliografia | ||
| 650 | 0 | |a Despeses públiques |9 37054 | |
| 650 | |a Política de despeses públiques |9 30120 | ||
| 650 | 0 | |a Finances públiques |9 24447 | |
| 710 | |a Instituto de Estudios Fiscales (Madrid) |9 52635 | ||
| 710 | |a Espanya. |b Ministerio de Economia y Hacienda |9 19488 | ||
| 901 | |a Arxiu | ||
| 942 | |n 1 | ||
| 952 | |0 0 |1 0 |4 0 |6 M5450 |7 1 |9 44426 |a Arxiu |b Arxiu |d 2016-12-01 |l 0 |o M-5-450 |p 19474 |r 2016-12-01 00:00:00 |w 2016-12-01 |y ARXIU | ||
| 999 | |c 47007 |d 47007 | ||